Ιστορία του Ελληνικού Κινηματογράφου / ΣΤ' Τόμος Ε' 'Εκδοση Αναθεωρημένη (Record no. 2105)
[ view plain ]
| 000 -LEADER | |
|---|---|
| fixed length control field | 01316cam a22002174a 4500 |
| 005 - ΗΜΕΡΟΜΗΝΙΑ ΚΑΙ ΩΡΑ ΤΕΛΕΥΤΑΙΑΣ ΕΝΗΜΕΡΩΣΗΣ | |
| Πεδίο ελέγχου | 20250605164031.0 |
| 008 - FIXED-LENGTH DATA ELEMENTS--GENERAL INFORMATION | |
| Πεδίο ελέγχου σταθερού μήκους | 250528s ||||||||||||||||||||||||d |
| 035 ## - SYSTEM CONTROL NUMBER | |
| System control number | 16626 |
| 020 ## - ISBN | |
| ISBN | 9603220078 |
| 040 ## - ΠΗΓΗ ΚΑΤΑΛΟΓΟΓΡΑΦΗΣΗΣ | |
| Φορέας πρωτότυπης καταλογογράφησης | MC Athens Campus Library |
| Γλώσσα καταλογογράφησης | Ελληνικά, Μοντέρνα (1453-) |
| Modifying agency | MC Athens Campus Library |
| Κανόνες περιγραφικής καταλογογράφησης | AACR2 |
| 245 1# - ΤΙΤΛΟΣ ΚΑΙ ΔΗΛΩΣΗ ΥΠΕΥΘΥΝΟΤΗΤΑΣ | |
| Τίτλος | Ιστορία του Ελληνικού Κινηματογράφου / ΣΤ' Τόμος Ε' 'Εκδοση Αναθεωρημένη |
| 250 ## - EDITION STATEMENT | |
| Edition statement | 5η |
| 260 ## - PUBLICATION, DISTRIBUTION, ETC. | |
| Name of publisher, distributor, etc. | Αιγόκερως, |
| Date of publication, distribution, etc. | 1992 |
| 300 ## - PHYSICAL DESCRIPTION | |
| Extent | 288 |
| 505 0# - FORMATTED CONTENTS NOTE | |
| Formatted contents note | 1984-1985, 1985-1986, 1986-1987, Β' Πανελλήνιο Συνέδριο Κινηματογράφου, 1987-1988, Φωτογραφικό Οδοιπορικό στον Ελληνικό Κινηματογράφο (1984-1988), 1989-1990, Φωτογραφικό Οδοιπορικό στον Ελληνικό Κινηματογράφο (1988-1990). |
| 520 ## - SUMMARY, ETC. | |
| Summary, etc. | 1984-1985, 1985-1986, 1986-1987, Β' Πανελλήνιο Συνέδριο Κινηματογράφου, 1987-1988, Φωτογραφικό Οδοιπορικό στον Ελληνικό Κινηματογράφο (1984-1988), 1989-1990, Φωτογραφικό Οδοιπορικό στον Ελληνικό Κινηματογράφο (1988-1990). |
| 700 1# - ΠΡΟΣΘΕΤΗ ΑΝΑΓΡΑΦΗ--ΦΥΣΙΚΟ ΠΡΟΣΩΠΟ | |
| Personal name | Σολδατός Γιάννης |
| 9 (RLIN) | 2716 |
| 942 ## - ADDED ENTRY ELEMENTS (KOHA) | |
| Koha item type | Books |
| Τύπος τεκμηρίου | Βιβλιοθήκη | Τρέχουσα τοποθεσία | Barcode | Αριθμός εισαγωγής | Ημερομηνία απόκτησης | Ταξιθετικό σύμβολο | Αριθμός αντιτύπου | Κατάσταση απόσυρσης | Κατάσταση χαμένου | Κατάσταση κατεστραμμένου | Μη δανεισμός | Σύνολο δανεισμών | Ημερομηνία τελευταίας εμφάνισης | Η τιμή ισχύει από |
|---|---|---|---|---|---|---|---|---|---|---|---|---|---|---|
| Books | MC Athens Campus Library | MC Athens Campus Library | 9780000021045 | 4812 | 05/06/2025 | 791.409 495 SOL V.F | 1 | 05/06/2025 | 05/06/2025 |